| 000 | 01043nas a2200325 4500 | ||
|---|---|---|---|
| 001 | BR0104766 | ||
| 003 | BR-BrBNA | ||
| 005 | 20231205102441.0 | ||
| 007 | ta | ||
| 008 | 230509b bl.|||p| |||| 00| 00por d | ||
| 040 |
_aBR-BrBNA _bpor _cBiblioteca Nacional de Agricultura |
||
| 041 | _a(Pt) | ||
| 072 | _aL51; L02 | ||
| 100 | 1 | _aGrise, M.M. | |
| 100 | 1 | _aCecato, U. | |
| 100 | 1 | _aMoraes, A. de | |
| 100 | 1 | _aCanto, M.W. do | |
| 100 | 1 | _aMartins, E.N. | |
| 100 | 1 | _aPelissari, A. | |
| 100 | 1 | _aMira, R.T. | |
| 245 | 1 | _aAvaliacao da composicao quimica e da digestibilidade in vitro da mistura aveia IAPAR 61 (Avena strigosa Schred)+ ervilha forrageira (Pisum arvense L.)em diferentes alturas sob pastejo | |
| 650 | _aErvilha | ||
| 650 | _aAveia | ||
| 650 | _aDigestibilidade | ||
| 650 | _aComposicao Quimica | ||
| 650 | _aPastejo | ||
| 773 | 0 |
_tRevista Brasileira de Zootecnia (Brazil) _xISSN 1516-3598 _g(May-Jun 2001), v. 30(3) p. 659-665 _wBR0104766 |
|
| 909 |
_a202311 _bLúcia _c55 _dLúcia Elande |
||
| 942 |
_2AGRIS _n0 _cANA |
||
| 999 |
_c167643 _d167643 |
||